Indian Culture/ (Record no. 216355)

MARC details
000 -LEADER
fixed length control field 00567nam a2200193 4500
005 - DATE AND TIME OF LATEST TRANSACTION
control field 20260522151805.0
010 ## - LCCN (DPL NO)
LC control number ENG-148613
020 ## - INTERNATIONAL STANDARD BOOK NUMBER
International Standard Book Number 9788178836584
Terms of availability 275.00
035 ## - SYSTEM CONTROL NUMBER
System control number EN-132145
037 ## - SOURCE OF ACQUISITION
Source of stock number/acquisition DBAD
082 ## - DEWEY DECIMAL CLASSIFICATION NUMBER
Classification number 306.0954
Edition number 1
245 ## - TITLE STATEMENT
Title Indian Culture/
Statement of responsibility, etc Edited By Atmashraddhananda
250 ## - EDITION STATEMENT
Edition statement 1
260 ## - PUBLICATION, DISTRIBUTION, ETC. (IMPRINT)
Place of publication, distribution, etc Chennai
Name of publisher, distributor, etc Sri Ramakrishna Math
Date of publication, distribution, etc 2013
270 ## - ADDRESS
Address Sri Ramakrishna Math
City Mylapore, Chennai
Postal code 600004
300 ## - PHYSICAL DESCRIPTION
Extent 374p.
Dimensions 22cm(hb)
500 ## - GENERAL NOTE
General note Its Ageless Charm and Timeless Appeal
942 ## - ADDED ENTRY ELEMENTS (KOHA)
Source of classification or shelving scheme Dewey Decimal Classification
Item type English Books
Classification part 306.0954
Call number prefix IND
Holdings
Withdrawn status Lost status Not for loan Collection code Home library Current library Date acquired Source of acquisition Cost, normal purchase price Full call number Barcode Copy number Cost, replacement price Koha item type
    Not For Loan Non-fiction D.B.Act.Division D.B.Act.Division 22/05/2026 Delivery of Books Act Division 275.00 306.0954 IND EN-132145 1 275.00 English Books

© Delhi Public Library
Hit Counter
free hit counter